| 000 | 00413nam a22001817a 4500 | ||
|---|---|---|---|
| 005 | 20200529110759.0 | ||
| 008 | 160620b xxu||||| |||| 00| 0 eng d | ||
| 020 | _a81-261-1814-8 | ||
| 041 | _aeng | ||
| 082 |
_b8592 _a658.1599 |
||
| 100 |
_aBHALLA, B.K _95747 |
||
| 245 | _aInternational Financial Mgt | ||
| 250 | _a4th.ed. | ||
| 260 | _bAnmol | ||
| 300 | _a994p, | ||
| 650 |
_aManagement _9241 |
||
| 942 | _cBK | ||
| 999 |
_c3314 _d3313 |
||